The Prometheus project /

Bibliographic Details
Main Author: White, Steve, 1946-
Format: Book
Language:English
Published: Riverdale, NY : Baen ; [2005]
Subjects:
Online Access:Publisher description

MARC

Tag First Indicator Second Indicator Subfields
LEADER 00000pam a2200000 a 4500
001 in00002048921
005 20151101180931.0
008 041118s2005 nyu 000 1 eng
010 |a  2004027035 
020 |a 0743498917 
035 |a (OCoLC)ocm57043610 
040 |a DLC  |c DLC  |d IG#  |d TXA  |d UtOrBLW 
049 |a TXAM 
050 0 0 |a PS3573.H474777  |b P76 2005 
082 0 0 |a 813/.54  |2 22 
100 1 |a White, Steve,  |d 1946- 
245 1 4 |a The Prometheus project /  |c Steve White. 
264 1 |a Riverdale, NY :  |b Baen ;  |c [2005] 
264 2 |a New York :  |b Distributed by Simon & Schuster, 
264 4 |c ©2005 
300 |a 280 pages ;  |c 25 cm. 
336 |a text  |b txt  |2 rdacontent 
337 |a unmediated  |b n  |2 rdamedia 
338 |a volume  |b nc  |2 rdacarrier 
500 |a "A Baen Books original"--Title page verso. 
650 0 |a Human-alien encounters  |v Fiction. 
655 7 |a Science fiction.  |2 gsafd 
856 4 2 |3 Publisher description  |u http://www.loc.gov/catdir/description/simon051/2004027035.html  |t 0 
938 |a Ingram  |b INGR  |n 0743498917 
994 |a C0  |b TXA 
948 |a cataloged  |b h  |c 2005/6/6  |d c  |e jlanham  |f 1:05:57 pm 
999 |a MARS 
999 f f |s 91fdfe94-b017-3eee-9218-b7f354dec31b  |i a9011f4c-8494-3e35-a4f0-90571ebe40b6  |t 0 
952 f f |p ric  |a Texas A&M University  |b Rellis Campus  |c Joint Library Facility  |s JLF  |d Remote Storage  |t 0  |e PS3573.H474777 P76 2005  |h Library of Congress classification  |i unmediated -- volume  |m A14832639866 
998 f f |a PS3573.H474777 P76 2005  |t 0  |l Remote Storage